000 01405namaa22003611i 4500
005 20260409141433.0
008 260409s1994 ua ado|frm||| 00| 0 eng d
040 _aEG-GICUC
_beng
_cEG-GICUC
_dEG-GICUC
_erda
041 0 _aeng
_beng
_bara
049 _aDeposit
097 _aM.Sc
099 _aCai01.07.13.M.Sc.1994.Sa.D
100 0 _aSahar Mohamed Abd El-Wahab
_epreparation.
245 1 0 _aDetection of somaclonal variation in Micropropagated Banana /
_cSahar Mohamed Abd El-Wahab ; Supervised by Youssef Amin Waly, Fayza A. Taha, Adel El-Taras.
246 1 5 _aإستنباط تباينات جسمية فى مزارع أنسجة الموز
264 0 _c1994.
300 _a133 pages :
_billustrations ;
_c30 cm. +
336 _2rda content
_atext
337 _2rdamedia
_aUnmediated
338 _2rdacarrier
_avolume
502 _aThesis (M.Sc.)-Cairo University, 1994.
504 _aBibliography: pages 124-133
653 0 _aPomology
653 0 _aMicropropagation, Plant
653 0 _aBanana
653 0 _aVariation (Biology
700 0 _aYoussef Amin Waly
_ethesis advisor.
700 0 _aFayza A. Taha
_ethesis advisor.
700 0 _aAdel El-Taras.
_ethesis advisor.
900 _DDepartment of Pomology
_FFaculty of Agriculture
_UCairo University
_b1994
_cYoussef Amin Waly
_cFayza A. Taha
_cAdel El-Taras.
_dYoussef Amin Waly
905 _aNermeen-A
942 _2ddc
_cTH
_e21
_n0
999 _c179343